[Event "11th 4NCL Congress Open"]
[Site "Harben House"]
[Date "2016.11.05"]
[Round "3.11"]
[White "Clark, Robert G"]
[Black "Clarke, Brandon Gi"]
[Result "0-1"]
[BlackElo "2288"]
[WhiteElo "2006"]
[LiveChessVersion "1.4.8"]

1. e4 {[%clk 1:30:56]} c5 {[%clk 1:30:54]} 2. Nf3 {[%clk 1:31:12]} d6
{[%clk 1:31:19]} 3. Bb5+ {[%clk 1:31:26]} Nc6 {[%clk 1:31:40]} 4. c3
{[%clk 1:31:42]} Nf6 {[%clk 1:31:31]} 5. Qe2 {[%clk 1:31:57]} Bd7
{[%clk 1:31:09]} 6. O-O {[%clk 1:31:19]} a6 {[%clk 1:30:38]} 7. Ba4
{[%clk 1:23:36]} b5 {[%clk 1:23:33]} 8. Bc2 {[%clk 1:23:41]} Bg4 {[%clk 1:13:51]}
9. d3 {[%clk 1:22:52]} e5 {[%clk 1:13:11]} 10. Nbd2 {[%clk 1:20:03]} Nh5
{[%clk 1:10:30]} 11. Qe3 {[%clk 1:13:07]} Qf6 12. h3 {[%clk 1:06:18]} Bd7
{[%clk 1:03:15]} 13. Qg5 {[%clk 1:03:05]} Qxg5 {[%clk 1:00:46]} 14. Nxg5
{[%clk 1:03:29]} Be7 {[%clk 1:01:09]} 15. Ngf3 {[%clk 1:01:23]} Nf4
{[%clk 1:00:59]} 16. Re1 {[%clk 0:59:05]} g5 {[%clk 1:01:05]} 17. Nf1
{[%clk 0:56:57]} h5 {[%clk 1:00:38]} 18. Ne3 {[%clk 0:49:08]} Be6
{[%clk 0:56:15]} 19. Nd5 {[%clk 0:42:08]} Nxd5 {[%clk 0:55:45]} 20. exd5
{[%clk 0:42:31]} Bxd5 {[%clk 0:56:09]} 21. Bxg5 {[%clk 0:41:18]} Rg8
{[%clk 0:52:03]} 22. Bxe7 {[%clk 0:37:59]} Bxf3 {[%clk 0:52:26]} 23. Re3
{[%clk 0:32:22]} Rxg2+ {[%clk 0:48:17]} 24. Kf1 {[%clk 0:30:38]} Kxe7
{[%clk 0:47:59]} 25. Rxf3 {[%clk 0:30:53]} Rag8 {[%clk 0:47:57]} 26. Ke2
{[%clk 0:29:51]} Ke6 {[%clk 0:44:06]} 27. Re1 {[%clk 0:24:47]} h4
{[%clk 0:42:31]} 28. Kd2 {[%clk 0:21:32]} d5 {[%clk 0:41:41]} 29. Rf4
{[%clk 0:19:54]} Rh2 {[%clk 0:27:06]} 30. Bd1 {[%clk 0:17:17]} f5
{[%clk 0:24:12]} 31. Rxh4 {[%clk 0:16:12]} Rxf2+ {[%clk 0:24:32]} 32. Re2
{[%clk 0:15:44]} Rxe2+ {[%clk 0:24:47]} 33. Bxe2 {[%clk 0:16:01]} Rg6
{[%clk 0:24:13]} 34. Ke3 {[%clk 0:15:35]} d4+ {[%clk 0:23:07]} 35. Kf2
{[%clk 0:15:10]} Ne7 {[%clk 0:21:28]} 36. Rh8 {[%clk 0:11:23]} e4
{[%clk 0:19:11]} 37. dxe4 {[%clk 0:10:05]} fxe4 {[%clk 0:19:39]} 38. Bg4+
{[%clk 0:09:43]} Kd5 {[%clk 0:18:56]} 39. Rh7 {[%clk 0:07:36]} Rf6+
{[%clk 0:17:34]} 40. Ke2 {[%clk 0:06:56]} Nf5 {[%clk 0:16:26]} 41. Rd7+
{[%clk 0:06:18]} Kc4 {[%clk 0:15:50]} 42. cxd4 {[%clk 0:05:03]} cxd4
{[%clk 0:16:18]} 43. Rc7+ {[%clk 0:05:12]} Kd5 {[%clk 0:16:28]} 44. Rd7+
{[%clk 0:04:44]} Ke5 {[%clk 0:16:54]} 45. Rc7 {[%clk 0:04:01]} Ng3+
{[%clk 0:17:10]} 46. Kd1 {[%clk 0:03:53]} Rf1+ {[%clk 0:17:36]} 47. Kc2
{[%clk 0:03:57]} Rf2+ {[%clk 0:16:57]} 48. Kc1 {[%clk 0:03:29]} d3
{[%clk 0:17:24]} 49. a4 {[%clk 0:03:18]} Kd4 {[%clk 0:17:04]} 50. Rd7+
{[%clk 0:01:33]} Ke3 {[%clk 0:17:32]} 51. b3 {[%clk 0:01:55]} Rc2+
{[%clk 0:17:34]} 52. Kd1 {[%clk 0:01:12]} Ra2 {[%clk 0:17:36]} 53. Kc1
{[%clk 0:01:28]} Ne2+ {[%clk 0:17:49]} 54. Kb1 {[%clk 0:01:19]} Nc3+ 0-1

[Event "11th 4NCL Congress Open"]
[Site "Harben House"]
[Date "2016.11.05"]
[Round "3.12"]
[White "Gibson, Christopher A"]
[Black "Hill, Alistair"]
[Result "1-0"]
[BlackElo "2249"]
[WhiteElo "1950"]
[LiveChessVersion "1.4.8"]

1. d4 {[%clk 1:30:58]} Nf6 {[%clk 1:30:56]} 2. c4 {[%clk 1:31:23]} g6
{[%clk 1:31:23]} 3. Nc3 {[%clk 1:31:49]} d5 {[%clk 1:31:51]} 4. cxd5
{[%clk 1:32:13]} Nxd5 {[%clk 1:32:18]} 5. e4 {[%clk 1:32:37]} Nxc3
{[%clk 1:32:45]} 6. bxc3 {[%clk 1:33:02]} Bg7 {[%clk 1:33:10]} 7. Nf3
{[%clk 1:33:24]} c5 {[%clk 1:33:37]} 8. Rb1 {[%clk 1:33:47]} O-O {[%clk 1:34:00]}
9. Be2 {[%clk 1:34:14]} Nc6 {[%clk 1:24:55]} 10. d5 {[%clk 1:34:12]} Bxc3+
{[%clk 1:25:19]} 11. Bd2 {[%clk 1:34:33]} Bxd2+ {[%clk 1:25:45]} 12. Qxd2
{[%clk 1:34:55]} Na5 {[%clk 1:26:09]} 13. h4 {[%clk 1:34:13]} Bg4
{[%clk 1:25:24]} 14. Ng5 {[%clk 1:32:35]} Bxe2 {[%clk 1:24:30]} 15. Kxe2
{[%clk 1:32:31]} h6 {[%clk 1:23:37]} 16. h5 {[%clk 1:30:29]} hxg5
{[%clk 1:10:40]} 17. hxg6 {[%clk 1:28:55]} fxg6 {[%clk 1:11:03]} 18. Qxg5
{[%clk 1:15:41]} Kf7 {[%clk 1:09:15]} 19. Rh7+ {[%clk 1:05:54]} Ke8
{[%clk 1:09:40]} 20. Qxg6+ {[%clk 1:06:06]} Kd7 {[%clk 1:10:04]} 21. Rxb7+
{[%clk 0:50:00]} Kc8 {[%clk 1:09:06]} 22. Rbxe7 {[%clk 0:49:48]} 1-0

[Event "11th 4NCL Congress Open"]
[Site "Harben House"]
[Date "2016.11.05"]
[Round "3.13"]
[White "Jones, Steven A"]
[Black "Whitfield, Craig M"]
[Result "1-0"]
[BlackElo "2038"]
[WhiteElo "2215"]
[LiveChessVersion "1.4.8"]

1. e4 {[%clk 1:30:51]} c5 {[%clk 1:30:56]} 2. Nf3 {[%clk 1:31:08]} e6
{[%clk 1:31:19]} 3. d4 {[%clk 1:31:23]} cxd4 {[%clk 1:31:45]} 4. Nxd4
{[%clk 1:31:48]} Nc6 {[%clk 1:32:06]} 5. Nc3 {[%clk 1:32:12]} Qc7
{[%clk 1:32:29]} 6. Be3 {[%clk 1:32:33]} a6 {[%clk 1:32:54]} 7. Qf3
{[%clk 1:32:35]} d6 {[%clk 1:33:12]} 8. O-O-O {[%clk 1:30:45]} Bd7
{[%clk 1:33:15]} 9. Kb1 {[%clk 1:27:00]} Nf6 {[%clk 1:28:42]} 10. Qg3
{[%clk 1:24:58]} h5 {[%clk 1:25:36]} 11. f3 {[%clk 1:20:01]} Rc8 {[%clk 1:16:40]}
12. Nxc6 {[%clk 1:17:49]} Bxc6 {[%clk 1:15:44]} 13. Bd4 {[%clk 1:17:59]} h4
{[%clk 1:00:46]} 14. Qe1 {[%clk 1:16:25]} Be7 {[%clk 1:00:34]} 15. Bd3
{[%clk 1:02:13]} b5 {[%clk 0:49:04]} 16. g4 {[%clk 1:00:14]} e5 {[%clk 0:34:09]}
17. Bf2 {[%clk 0:48:55]} g5 {[%clk 0:32:40]} 18. Qd2 {[%clk 0:46:40]} b4
{[%clk 0:30:44]} 19. Ne2 {[%clk 0:44:04]} d5 {[%clk 0:25:57]} 20. exd5
{[%clk 0:40:30]} Nxd5 {[%clk 0:25:29]} 21. Be4 {[%clk 0:40:01]} Rd8
{[%clk 0:22:53]} 22. Qc1 {[%clk 0:39:05]} Rh6 {[%clk 0:22:08]} 23. Ka1
{[%clk 0:36:21]} Qa5 {[%clk 0:20:59]} 24. Be3 {[%clk 0:34:57]} f6
{[%clk 0:08:42]} 25. c4 {[%clk 0:34:07]} b3 {[%clk 0:07:50]} 26. a3
{[%clk 0:34:04]} Nb4 {[%clk 0:07:29]} 27. Rxd8+ {[%clk 0:34:11]} Kxd8
{[%clk 0:07:19]} 28. Bxc6 {[%clk 0:32:10]} Nxc6 {[%clk 0:07:22]} 29. Rd1+
{[%clk 0:31:49]} Kc7 {[%clk 0:07:47]} 30. Nc3 {[%clk 0:32:06]} Rh7
{[%clk 0:07:26]} 31. Nd5+ {[%clk 0:28:54]} Kb7 {[%clk 0:07:46]} 32. Bb6
{[%clk 0:23:18]} Qa4 {[%clk 0:08:15]} 33. Qb1 {[%clk 0:22:38]} Rg7
{[%clk 0:02:36]} 34. c5 {[%clk 0:19:16]} Nd4 {[%clk 0:02:00]} 35. Qe4
{[%clk 0:15:08]} Qc6 {[%clk 0:02:15]} 36. Rxd4 {[%clk 0:12:14]} exd4
{[%clk 0:01:57]} 37. Qxd4 {[%clk 0:12:39]} Bxc5 {[%clk 0:00:47]} 38. Bxc5
{[%clk 0:11:40]} Rd7 {[%clk 0:01:16]} 39. Qb4+ {[%clk 0:11:56]} Kc8
{[%clk 0:01:27]} 40. Nc3 {[%clk 0:11:51]} Qxf3 {[%clk 0:00:35]} 41. Qxb3
{[%clk 0:11:52]} Qxg4 {[%clk 0:01:00]} 42. Ka2 {[%clk 0:11:26]} Qf3
{[%clk 0:01:07]} 43. Qe6 {[%clk 0:10:24]} Qb7 {[%clk 0:00:35]} 44. Qxf6
{[%clk 0:08:52]} Rd2 {[%clk 0:00:51]} 45. Qe6+ {[%clk 0:08:20]} Kb8
{[%clk 0:00:37]} 46. Bd6+ {[%clk 0:08:35]} Ka8 {[%clk 0:00:33]} 47. Qe8+ 1-0

[Event "11th 4NCL Congress Open"]
[Site "Harben House"]
[Date "2016.11.05"]
[Round "3.14"]
[White "Boswell, Jacob Connor"]
[Black "Tate, Alan"]
[Result "0-1"]
[BlackElo "2376"]
[WhiteElo "1698"]
[LiveChessVersion "1.4.8"]

1. e4 {[%clk 1:30:57]} g6 {[%clk 1:30:22]} 2. d4 {[%clk 1:30:55]} Bg7
{[%clk 1:30:48]} 3. Nf3 {[%clk 1:30:36]} d6 {[%clk 1:30:58]} 4. c3
{[%clk 1:30:17]} Nf6 {[%clk 1:30:55]} 5. Bd3 {[%clk 1:29:45]} O-O
{[%clk 1:31:19]} 6. O-O {[%clk 1:29:14]} c5 {[%clk 1:31:35]} 7. dxc5
{[%clk 1:15:42]} dxc5 {[%clk 1:31:48]} 8. Be3 {[%clk 1:15:35]} Qc7
{[%clk 1:31:20]} 9. Nbd2 {[%clk 1:14:37]} Ng4 {[%clk 1:24:15]} 10. Bg5
{[%clk 1:11:23]} Nc6 {[%clk 1:24:33]} 11. h3 {[%clk 1:07:49]} Rd8
{[%clk 1:19:43]} 12. Be2 {[%clk 1:03:05]} h6 {[%clk 1:18:16]} 13. Bh4
{[%clk 1:01:18]} Nge5 {[%clk 1:18:15]} 14. Bg3 {[%clk 0:59:16]} Nxf3+
{[%clk 0:55:41]} 15. Bxf3 {[%clk 0:51:54]} Be5 {[%clk 0:50:47]} 16. Bxe5
{[%clk 0:50:57]} Qxe5 {[%clk 0:51:12]} 17. Qc1 {[%clk 0:46:32]} Be6
{[%clk 0:40:08]} 18. Be2 {[%clk 0:41:41]} g5 {[%clk 0:31:58]} 19. Qc2
{[%clk 0:30:20]} Qf6 {[%clk 0:26:07]} 20. Nc4 {[%clk 0:27:10]} Bxc4
{[%clk 0:22:34]} 21. Bxc4 {[%clk 0:27:04]} Ne5 {[%clk 0:22:52]} 22. Be2
{[%clk 0:25:22]} Ng6 {[%clk 0:17:25]} 23. Rad1 {[%clk 0:18:15]} Nf4
{[%clk 0:17:12]} 24. Bc4 {[%clk 0:17:12]} Qc6 {[%clk 0:16:17]} 25. Be2
{[%clk 0:13:08]} b5 26. Bf3 {[%clk 0:13:04]} Qe6 {[%clk 0:13:30]} 27. Rxd8+
{[%clk 0:11:01]} Rxd8 {[%clk 0:13:57]} 28. Rd1 {[%clk 0:10:13]} Rxd1+
{[%clk 0:09:54]} 29. Qxd1 {[%clk 0:09:54]} Qd6 {[%clk 0:07:58]} 30. Qb3
{[%clk 0:10:16]} a6 {[%clk 0:07:20]} 31. c4 {[%clk 0:07:17]} Qd3 {[%clk 0:06:46]}
32. Qxd3 {[%clk 0:06:20]} Nxd3 {[%clk 0:07:13]} 33. cxb5 {[%clk 0:06:43]} axb5
{[%clk 0:07:40]} 34. b3 b4 {[%clk 0:04:34]} 35. Kf1 {[%clk 0:06:13]} Kf8
{[%clk 0:03:13]} 36. Ke2 {[%clk 0:04:57]} Ne5 {[%clk 0:03:29]} 37. Ke3
{[%clk 0:04:21]} e6 {[%clk 0:03:58]} 38. Be2 {[%clk 0:04:33]} Ke7
{[%clk 0:04:13]} 39. g3 {[%clk 0:04:41]} Nc6 {[%clk 0:04:08]} 40. f4
{[%clk 0:04:00]} gxf4+ {[%clk 0:03:32]} 41. gxf4 {[%clk 0:04:17]} e5
{[%clk 0:03:31]} 42. fxe5 {[%clk 0:03:19]} Nxe5 {[%clk 0:03:49]} 43. Kf4
{[%clk 0:03:17]} Kf6 {[%clk 0:04:07]} 44. Bb5 {[%clk 0:03:12]} h5
{[%clk 0:03:42]} 45. Be2 {[%clk 0:02:44]} Ng6+ {[%clk 0:03:59]} 46. Kg3
{[%clk 0:02:36]} Kg5 {[%clk 0:04:24]} 47. Bc4 {[%clk 0:02:36]} f6
{[%clk 0:03:22]} 48. Bb5 {[%clk 0:02:05]} h4+ {[%clk 0:02:47]} 49. Kf3
{[%clk 0:02:17]} Nf4 {[%clk 0:02:37]} 50. Bf1 {[%clk 0:02:23]} Ng6
{[%clk 0:01:05]} 51. Bb5 {[%clk 0:02:30]} Ne5+ {[%clk 0:00:58]} 52. Ke3
{[%clk 0:02:51]} Nf7 {[%clk 0:01:08]} 53. Bd3 {[%clk 0:02:27]} Nd6
{[%clk 0:01:16]} 54. Kf3 {[%clk 0:02:34]} Nf7 {[%clk 0:00:42]} 55. Ke3
{[%clk 0:02:56]} Nd8 {[%clk 0:00:37]} 56. Bc4 {[%clk 0:01:47]} Nc6
{[%clk 0:00:54]} 57. Be2 {[%clk 0:01:52]} Nd4 {[%clk 0:00:42]} 58. Bd1
{[%clk 0:02:09]} Nb5 {[%clk 0:00:34]} 59. Bg4 {[%clk 0:02:06]} Nc3
{[%clk 0:00:34]} 60. Kd3 {[%clk 0:01:17]} Kf4 {[%clk 0:00:34]} 61. a3
{[%clk 0:01:06]} Nxe4 {[%clk 0:00:37]} 62. axb4 {[%clk 0:01:27]} Nf2+
{[%clk 0:00:33]} 63. Ke2 {[%clk 0:01:21]} Nxg4 {[%clk 0:01:20]} 64. hxg4
{[%clk 0:02:17]} cxb4 0-1

[Event "11th 4NCL Congress Open"]
[Site "Harben House"]
[Date "2016.11.05"]
[Round "3.15"]
[White "Cumming, Rhys"]
[Black "Willow, Jonah B"]
[Result "0-1"]
[BlackElo "1995"]
[WhiteElo "2154"]
[LiveChessVersion "1.4.8"]

1. d4 {[%clk 1:28:46]} Nf6 {[%clk 1:30:32]} 2. Bg5 {[%clk 1:28:37]} e6
{[%clk 1:30:50]} 3. e4 {[%clk 1:28:53]} c5 {[%clk 1:30:29]} 4. d5
{[%clk 1:27:14]} h6 {[%clk 1:29:52]} 5. Bxf6 {[%clk 1:26:36]} Qxf6
{[%clk 1:30:15]} 6. Nc3 {[%clk 1:24:17]} a6 {[%clk 1:26:33]} 7. Nf3
{[%clk 1:23:00]} e5 {[%clk 1:20:24]} 8. d6 {[%clk 1:03:34]} Bxd6 {[%clk 1:13:28]}
9. Nd5 {[%clk 0:54:00]} Qd8 {[%clk 1:13:46]} 10. Nd2 {[%clk 0:46:37]} b5
{[%clk 0:57:04]} 11. a4 {[%clk 0:46:04]} Bb7 {[%clk 0:54:58]} 12. axb5
{[%clk 0:43:25]} axb5 {[%clk 0:52:36]} 13. Rxa8 {[%clk 0:28:58]} Bxa8
{[%clk 0:52:15]} 14. Bxb5 {[%clk 0:29:21]} Bxd5 {[%clk 0:51:20]} 15. exd5
{[%clk 0:28:55]} Qb6 {[%clk 0:51:07]} 16. Bd3 {[%clk 0:17:58]} Be7
{[%clk 0:46:55]} 17. O-O {[%clk 0:15:45]} d6 {[%clk 0:46:46]} 18. Nc4
{[%clk 0:12:50]} Qc7 {[%clk 0:44:23]} 19. Ne3 {[%clk 0:11:20]} O-O
{[%clk 0:43:08]} 20. Nf5 {[%clk 0:09:04]} g6 {[%clk 0:33:27]} 21. Qf3
{[%clk 0:06:56]} Bd8 {[%clk 0:24:01]} 22. Nxh6+ {[%clk 0:03:03]} Kg7
{[%clk 0:24:15]} 23. Nf5+ {[%clk 0:03:23]} gxf5 {[%clk 0:24:25]} 24. Qg3+
{[%clk 0:03:01]} Kf6 {[%clk 0:23:33]} 25. Qh4+ {[%clk 0:03:26]} Kg7
{[%clk 0:23:33]} 26. Qg3+ {[%clk 0:03:55]} Kf6 {[%clk 0:23:51]} 27. f4
{[%clk 0:02:51]} Ke7 {[%clk 0:23:20]} 28. fxe5 {[%clk 0:02:06]} dxe5
{[%clk 0:23:17]} 29. Bxf5 {[%clk 0:01:55]} Kd6 {[%clk 0:22:39]} 30. Be6
{[%clk 0:01:12]} f6 {[%clk 0:22:48]} 31. Ra1 {[%clk 0:01:12]} Qb6
{[%clk 0:20:24]} 32. Qa3 {[%clk 0:00:47]} Be7 {[%clk 0:17:23]} 33. c3
{[%clk 0:00:44]} Kc7 {[%clk 0:16:13]} 34. Kh1 {[%clk 0:00:35]} Bd6
{[%clk 0:09:41]} 35. Qa8 {[%clk 0:00:40]} Qxb2 {[%clk 0:09:05]} 36. h3
{[%clk 0:00:42]} e4 {[%clk 0:09:03]} 37. Ra7+ {[%clk 0:00:39]} Kd8
{[%clk 0:09:29]} 38. Ra1 {[%clk 0:00:45]} Kc7 {[%clk 0:09:47]} 39. Qa5+
{[%clk 0:00:59]} Qb6 {[%clk 0:10:04]} 40. Qa2 {[%clk 0:00:54]} f5
{[%clk 0:09:09]} 41. c4 {[%clk 0:00:50]} Be5 {[%clk 0:08:04]} 42. Rb1
{[%clk 0:01:17]} Qa6 {[%clk 0:08:26]} 43. Qd2 {[%clk 0:00:48]} f4
{[%clk 0:08:16]} 44. d6+ {[%clk 0:00:40]} Bxd6 {[%clk 0:08:23]} 45. Bd5
{[%clk 0:00:46]} f3 {[%clk 0:08:04]} 46. Bxe4 {[%clk 0:00:39]} f2
{[%clk 0:07:22]} 47. Bf3 {[%clk 0:00:56]} Qb6 {[%clk 0:03:43]} 48. Rd1
{[%clk 0:00:42]} Bg3 {[%clk 0:02:55]} 49. Qg5 {[%clk 0:00:51]} Qd6
{[%clk 0:02:47]} 50. Qg7+ {[%clk 0:00:41]} Nd7 {[%clk 0:03:12]} 51. Ra1
{[%clk 0:00:39]} Be5 {[%clk 0:03:19]} 52. Ra7+ {[%clk 0:00:52]} Kb6
{[%clk 0:03:39]} 53. Rb7+ {[%clk 0:00:53]} Ka6 {[%clk 0:04:04]} 0-1

[Event "11th 4NCL Congress Open"]
[Site "Harben House"]
[Date "2016.11.05"]
[Round "3.16"]
[White "Jayawarna, Nugith"]
[Black "Ramprasad, Cherupalli"]
[Result "1-0"]
[BlackElo "1945"]
[WhiteElo "2057"]
[LiveChessVersion "1.4.8"]

1. Nf3 {[%clk 1:27:27]} d5 {[%clk 1:30:51]} 2. c4 {[%clk 1:27:29]} c6
{[%clk 1:30:57]} 3. d4 {[%clk 1:27:31]} Nf6 {[%clk 1:31:08]} 4. Nc3
{[%clk 1:27:55]} e6 {[%clk 1:30:50]} 5. cxd5 {[%clk 1:27:48]} exd5
{[%clk 1:30:56]} 6. Qc2 {[%clk 1:26:02]} h6 {[%clk 1:27:23]} 7. Bf4
{[%clk 1:23:40]} Nh5 {[%clk 1:26:25]} 8. Be5 {[%clk 1:20:15]} Nd7
{[%clk 1:20:48]} 9. e3 {[%clk 1:16:51]} Nxe5 {[%clk 1:20:09]} 10. dxe5
{[%clk 1:16:00]} g6 {[%clk 1:17:27]} 11. Bd3 {[%clk 1:12:04]} Ng7
{[%clk 1:16:30]} 12. Nd4 {[%clk 1:04:00]} Qc7 {[%clk 1:13:19]} 13. f4
{[%clk 0:53:33]} Be6 {[%clk 1:08:28]} 14. Rc1 {[%clk 0:43:28]} a6
{[%clk 1:04:34]} 15. O-O {[%clk 0:37:04]} Bc5 {[%clk 0:57:33]} 16. Nxd5
{[%clk 0:33:34]} cxd5 {[%clk 0:50:50]} 17. Qxc5 {[%clk 0:33:48]} Qxc5
{[%clk 0:51:14]} 18. Rxc5 {[%clk 0:34:14]} Kd7 {[%clk 0:50:54]} 19. Rfc1
{[%clk 0:31:28]} Rac8 {[%clk 0:51:16]} 20. Nxe6 {[%clk 0:30:26]} Nxe6
{[%clk 0:51:13]} 21. Rxd5+ {[%clk 0:30:43]} Ke7 {[%clk 0:51:30]} 22. Rxc8
{[%clk 0:28:48]} Rxc8 {[%clk 0:51:52]} 23. Kf2 {[%clk 0:27:04]} Rc1
{[%clk 0:50:19]} 24. b4 {[%clk 0:23:36]} Nd8 {[%clk 0:44:22]} 25. b5
{[%clk 0:19:03]} axb5 {[%clk 0:44:39]} 26. Bxb5 {[%clk 0:17:53]} Rc2+
{[%clk 0:42:21]} 27. Ke1 {[%clk 0:16:36]} Nc6 {[%clk 0:40:44]} 28. Bxc6
{[%clk 0:16:33]} bxc6 {[%clk 0:41:07]} 29. Rd2 {[%clk 0:16:57]} Rc3
{[%clk 0:41:04]} 30. Ke2 {[%clk 0:15:47]} Ra3 {[%clk 0:41:28]} 31. g4
{[%clk 0:14:58]} c5 {[%clk 0:40:59]} 32. Kf3 {[%clk 0:13:37]} Ra4
{[%clk 0:38:14]} 33. h3 {[%clk 0:11:49]} Ke6 {[%clk 0:38:15]} 34. Rd6+
{[%clk 0:09:55]} Ke7 {[%clk 0:38:37]} 35. Rc6 {[%clk 0:06:08]} c4
{[%clk 0:34:58]} 36. f5 {[%clk 0:04:28]} gxf5 {[%clk 0:31:45]} 37. gxf5
{[%clk 0:04:49]} h5 {[%clk 0:31:24]} 38. Ke4 {[%clk 0:02:58]} c3+
{[%clk 0:29:24]} 39. Kd3 {[%clk 0:02:43]} Rxa2 {[%clk 0:29:46]} 40. Rxc3
{[%clk 0:03:03]} Rh2 {[%clk 0:29:17]} 41. Ke4 {[%clk 0:02:51]} Rxh3
{[%clk 0:28:40]} 42. Kd5 {[%clk 0:03:01]} Rh1 {[%clk 0:27:03]} 43. e6
{[%clk 0:02:24]} fxe6+ {[%clk 0:24:22]} 44. fxe6 {[%clk 0:02:25]} Rd1+
{[%clk 0:17:11]} 45. Ke5 {[%clk 0:02:50]} Re1 {[%clk 0:15:24]} 46. e4
{[%clk 0:02:07]} h4 {[%clk 0:14:28]} 47. Rc7+ {[%clk 0:01:05]} Ke8
{[%clk 0:13:33]} 48. Rh7 {[%clk 0:00:54]} Rh1 {[%clk 0:09:23]} 49. e7
{[%clk 0:00:39]} Ra1 {[%clk 0:07:26]} 50. Kf5 {[%clk 0:00:35]} h3
{[%clk 0:04:20]} 51. e5 {[%clk 0:00:41]} h2 {[%clk 0:04:07]} 52. Rxh2
{[%clk 0:00:48]} Kxe7 {[%clk 0:04:36]} 53. Rh7+ {[%clk 0:00:53]} Ke8
{[%clk 0:04:50]} 54. Kf6 {[%clk 0:01:05]} Rf1+ {[%clk 0:03:06]} 55. Ke6
{[%clk 0:01:32]} Kf8 {[%clk 0:03:09]} 56. Rh8+ {[%clk 0:00:42]} Kg7
{[%clk 0:03:26]} 57. Rd8 {[%clk 0:01:02]} Ra1 {[%clk 0:02:38]} 58. Ke7
{[%clk 0:01:01]} Re1 {[%clk 0:01:00]} 59. e6 {[%clk 0:01:02]} Ra1
{[%clk 0:00:39]} 60. Ke8 {[%clk 0:00:49]} Kf6 {[%clk 0:00:37]} 61. e7 Ke6
{[%clk 0:00:38]} 62. Rb8 {[%clk 0:00:41]} Rh1 {[%clk 0:00:32]} 63. Rb6+
{[%clk 0:00:57]} 1-0

[Event "11th 4NCL Congress"]
[Site "Milton Keynes"]
[Date "2016.11.05"]
[Round "3.17"]
[White "Rowan, Daniel"]
[Black "Mason, Donald J"]
[Result "1/2-1/2"]
[WhiteElo "1818"]
[BlackElo "2157"]
[PlyCount "56"]
[EventDate "2016.11.04"]

1. d4 e6 2. g3 f5 3. Bg2 Nf6 4. c4 Be7 5. Nf3 O-O 6. O-O d6 7. Nc3 a5 8. b3 Ne4
9. Nxe4 fxe4 10. Ne1 d5 11. f3 Nc6 12. fxe4 Rxf1+ 13. Kxf1 dxc4 14. Nf3 cxb3
15. axb3 g5 16. e3 g4 17. Nh4 Bxh4 18. Qxg4+ Bg5 19. h4 e5 20. Qxg5+ Qxg5 21.
hxg5 exd4 22. e5 Be6 23. Bxc6 bxc6 24. Bd2 Rf8+ 25. Ke2 Bxb3 26. Rxa5 Bc4+ 27.
Kd1 d3 28. Ra7 Rf1+ 1/2-1/2

[Event "11th 4NCL Congress"]
[Site "Milton Keynes"]
[Date "2016.11.05"]
[Round "3.18"]
[White "Jarmany, John"]
[Black "Okhai, Shabir"]
[Result "1/2-1/2"]
[WhiteElo "2139"]
[BlackElo "2072"]
[PlyCount "80"]
[EventDate "2016.11.04"]

1. d4 Nf6 2. c4 e6 3. Nf3 d5 4. g3 Be7 5. Bg2 c6 6. Nc3 O-O 7. Nd2 b6 8. e4 Bb7
9. e5 Ne8 10. cxd5 cxd5 11. O-O Nc6 12. Nf3 Rc8 13. Be3 Na5 14. Nd2 Bb4 15. Rc1
Bxc3 16. Rxc3 Rxc3 17. bxc3 Ba6 18. Re1 Nc7 19. Bf1 Bxf1 20. Kxf1 Nb5 21. Qg4
f5 22. exf6 Qxf6 23. Bf4 Qf5 24. Qxf5 exf5 25. Re7 Nc6 26. Re3 Rc8 27. Nb3 Kf7
28. Ke2 Nc7 29. Bxc7 Rxc7 30. Nd2 b5 31. Nf3 Kf6 32. h4 h6 33. Kd2 b4 34. Ne5
a5 35. Nxc6 Rxc6 36. cxb4 axb4 37. Rb3 Ra6 38. Rxb4 Rxa2+ 39. Ke3 Ra3+ 40. Ke2
Ra6 1/2-1/2

[Event "11th 4NCL Congress Open"]
[Site "Harben House"]
[Date "2016.11.06"]
[Round "4.1"]
[White "Roberson, Peter T"]
[Black "Pert, Nicholas"]
[Result "0-1"]
[BlackElo "2566"]
[WhiteElo "2388"]
[LiveChessVersion "1.4.8"]

1. e4 {[%clk 1:30:58]} c5 {[%clk 1:29:35]} 2. Nf3 {[%clk 1:31:22]} Nc6
{[%clk 1:29:49]} 3. Bb5 {[%clk 1:31:48]} Nf6 {[%clk 1:29:44]} 4. Bxc6
{[%clk 1:31:53]} dxc6 {[%clk 1:29:26]} 5. d3 {[%clk 1:32:02]} Bg4
{[%clk 1:26:54]} 6. h3 {[%clk 1:30:37]} Bh5 {[%clk 1:24:55]} 7. b3
{[%clk 1:26:50]} Nd7 {[%clk 1:14:44]} 8. Bb2 {[%clk 1:25:09]} Qc7
{[%clk 1:13:31]} 9. g4 {[%clk 1:13:11]} Bg6 {[%clk 1:13:49]} 10. e5
{[%clk 1:13:36]} e6 {[%clk 1:09:53]} 11. Qe2 {[%clk 1:11:24]} a5 {[%clk 0:46:22]}
12. a4 {[%clk 0:56:50]} Nb6 {[%clk 0:45:20]} 13. Nbd2 {[%clk 0:56:18]} Nd5
{[%clk 0:44:31]} 14. Nc4 {[%clk 0:54:49]} Be7 {[%clk 0:40:39]} 15. Nfd2
{[%clk 0:35:30]} O-O {[%clk 0:33:15]} 16. h4 {[%clk 0:21:06]} f5 {[%clk 0:29:01]}
17. h5 {[%clk 0:17:11]} Nf4 {[%clk 0:27:23]} 18. Qf3 {[%clk 0:04:27]} fxg4
{[%clk 0:26:09]} 19. Qxg4 {[%clk 0:04:56]} Bxd3 {[%clk 0:23:21]} 20. cxd3
{[%clk 0:05:25]} Nxd3+ {[%clk 0:23:45]} 21. Ke2 {[%clk 0:05:53]} Nxb2
{[%clk 0:18:56]} 22. Qxe6+ {[%clk 0:05:38]} Kh8 {[%clk 0:19:25]} 23. Nxb2
{[%clk 0:05:37]} Rae8 {[%clk 0:19:53]} 24. Nd3 {[%clk 0:00:38]} Bf6
{[%clk 0:16:50]} 25. Qg4 {[%clk 0:00:49]} Bxe5 {[%clk 0:17:11]} 26. Rad1
{[%clk 0:01:02]} Bd4+ {[%clk 0:15:53]} 27. Ne4 {[%clk 0:00:48]} Qc8
{[%clk 0:15:12]} 28. Rh4 {[%clk 0:00:46]} Rxe4+ {[%clk 0:15:21]} 29. Qxe4
{[%clk 0:01:10]} Re8 {[%clk 0:15:51]} 30. Re1 {[%clk 0:00:43]} h6
{[%clk 0:14:59]} 31. Kd2 {[%clk 0:00:53]} Rxe4 {[%clk 0:15:25]} 32. Rhxe4
{[%clk 0:01:21]} Kh7 {[%clk 0:14:09]} 33. Nf4 {[%clk 0:01:22]} Qf5
{[%clk 0:12:21]} 34. Ne6 {[%clk 0:00:38]} Qxf2+ {[%clk 0:07:37]} 35. R1e2
{[%clk 0:01:07]} Qf3 {[%clk 0:07:59]} 36. Nxd4 {[%clk 0:00:37]} cxd4
{[%clk 0:08:23]} 37. Rxd4 {[%clk 0:00:54]} Qxh5 {[%clk 0:08:39]} 38. Rg2
{[%clk 0:00:40]} Qf3 {[%clk 0:08:44]} 39. Rdg4 {[%clk 0:00:53]} g5
{[%clk 0:09:06]} 40. R4g3 {[%clk 0:01:19]} Qf4+ {[%clk 0:09:20]} 41. Kc2
{[%clk 0:01:04]} Kg6 {[%clk 0:09:36]} 42. Rd3 {[%clk 0:01:27]} h5
{[%clk 0:08:32]} 43. Re2 {[%clk 0:01:49]} h4 {[%clk 0:08:44]} 44. Re8
{[%clk 0:01:05]} Qf2+ {[%clk 0:08:24]} 45. Kc3 {[%clk 0:01:13]} Qf6+
{[%clk 0:07:04]} 46. Kc2 {[%clk 0:01:30]} g4 {[%clk 0:06:22]} 47. Rg8+
{[%clk 0:01:13]} Kh5 {[%clk 0:06:45]} 48. Rdd8 {[%clk 0:00:51]} Qf5+
{[%clk 0:06:20]} 49. Kb2 {[%clk 0:01:09]} Qe5+ {[%clk 0:05:20]} 50. Ka2
{[%clk 0:01:01]} h3 {[%clk 0:05:33]} 51. Rd7 {[%clk 0:01:17]} Kh4
{[%clk 0:05:47]} 52. Rxb7 {[%clk 0:00:54]} h2 {[%clk 0:05:46]} 53. Rbg7
{[%clk 0:00:33]} Qe2+ {[%clk 0:05:32]} 54. Ka3 {[%clk 0:00:47]} Kg3
{[%clk 0:05:53]} 55. Rh7 {[%clk 0:00:50]} Qd1 {[%clk 0:06:02]} 56. Rgh8
{[%clk 0:00:32]} Qa1# 0-1